00951naa#a2200169#i#4500001001600000005001700016011001400033100004100047102000700088200019700095210017200292215001000464608004500474675021400519700002800733856002000761RU\\bibl\12107020260516052752.6##a1994-5655##a20260428b2026####ek#y0rusy0150####ca##aRU1#aСписок с церковной летописи: портрет переписчика и особенности вторичного источникаeЖурнальная статья1#aСыктывкарcФГБУ ФИЦ «Коми научный центр Уральского отделения Российской академии наук»d2026##a3 с.##aЖурнальная статья2local##aМетодология истории. Методы изучения, основанные на письменных источниках, записях, надписях. 930.2aДоминиканцы. 271.2#1aГладкихgС. А.4#aras.editorum.ru